| 000 | 00658nam a2200217 i 4500 | ||
|---|---|---|---|
| 001 | bg | ||
| 245 | 0 |
_aDevelopments in soil mechanics and foundation engineering - 1 : _bmodel studies / _ced. P.K. Banerjee and R. Butterfield. |
|
| 260 |
_aLondon : _bApplied Science, _c1983. |
||
| 490 | 1 | _aDevelopments Series | |
| 650 | 9 | _aMechanika gruntów | |
| 700 | 1 |
_aBanerjee, Prasanta Kumar _d(1941- ). _eRed. |
|
| 700 | 1 |
_aButterfield, R. _eRed. |
|
| 830 | _aDevelopments Series | ||
| 020 | _a0853342229 | ||
| 040 | _cBPK | ||
| 041 | _apol | ||
| 080 | _a624.13+624.15 | ||
| 920 | _a0-85334-222-9 | ||
| 942 | _cKS | ||
| 008 | s pl f |000 0 pol | ||
| 999 |
_c28911 _d28911 |
||
| 856 |
_uhttp://koha.tu.koszalin.pl/cgi-bin/koha/opac-detail.pl?biblionumber=28911 _yKatalog online BPK |
||